Quizzes
Events
Quiz Creation
Community
Videos
Private Events
Remove Ads
Sign In
Join for FREE
Feedback
Dark Mode
Quiz Categories
Sports
Geography
Music
Movies
Television
Just For Fun
Miscellaneous
History
Literature
Language
Science
Gaming
Entertainment
Religion
Holiday
For Kids
Quiz Lab
Recent
Popular Today
Quiz Kudos Today
Editor Picks
Curator Picks
Quizzes by...
Day
Popularity
Type
Ratings
Length
Year
Community
Subscriptions
Recent Discussions
Orange Saloon
Badges
Playlists
Quests
Create
Leaderboards
Showdown
Live 5
Trivia Bingo
Activity
Puzzle Library
Sporcle Events
Private Events
Virtual Trivia
Globe League
Become a Host
Pub Owners
SporcleCon
Opinionation
Our Games
Videos
Blog
Mobile Apps
Partnerships
Remove Ads and Go Orange
Feedback
Music
Pop Music
The Beatles
Song
Album
Lyrics
Bands
Singers
Artist
Clip
Rock
Rap
Classical
Billboard
Country Music
Kpop
Taylor Swift
Music
Pop Music
The Beatles
Song
Album
Lyrics
Bands
Singers
Artist
Clip
Rock
Rap
Classical
Billboard
Country Music
Kpop
Taylor Swift
Random Quiz
Search Sporcle
×
Quiz Lab
Quiz Lab
Music
Artist
Select answers by clicking on text or image buttons
Select answers by clicking on text or image buttons
Clickable
Best Score? Go Orange.
Nick Drake Album Shooting Gallery Stats
Can you pick the correct Nick Drake songs for each of his studio albums?
By
Hullabaloo
4m
31 Questions
171 Plays
171 Plays
171 Plays
Comments
Comments
Give Quiz Kudos
Give Quiz Kudos
-
- Ratings
hide this ad
Forced Order
Answers have to be entered in order
Answers have to be entered in order
Replay
Link that replays current quiz
Next Quiz
Link to next quiz in quiz playlist
You Got
0%
They Got
Avg Score
75%
Avg Friend Score
Upgrade to see
Score Distribution
Jump to the score distribution portion of the page
Score
0/31
Timer
04:00
0
Plays Today
% Correct
Hazey Jane I
89.4%
Hazey Jane II
87.6%
Bryter Layter
87.1%
Pink Moon
84.7%
At the Chime of a City Clock
82.9%
Fruit Tree
81.8%
Cello Song
81.2%
Northern Sky
80.6%
River Man
78.8%
Place to Be
78.8%
Horn
78.8%
Parasite
78.8%
Day is Done
77.6%
Introduction
77.6%
Man in a Shed
77.1%
From the Morning
76.5%
% Correct
Road
75.9%
Know
75.9%
Time Has Told Me
74.1%
Saturday Sun
73.5%
One of These Things First
73.5%
Harvest Breed
72.9%
Things Behind the Sun
71.2%
The Thoughts of Mary Jane
70%
Fly
70%
Which Will
70%
Free Ride
69.4%
Three Hours
68.2%
Poor Boy
67.1%
Way to Blue
65.3%
Sunday
58.8%
Quiz Playlist
Details
Report
Send in Message
Add To Playlist
Clickable:
Select answers by clicking on text or image buttons
Forced Order:
Answers have to be entered in order
Last Updated: Feb 16, 2017
Quiz Scoreboard
CHALLENGE
Sign Up to Join the Scoreboard
Show All
Scores
Hide
Comments
May contain spoilers
Recently Published
An Introduction to Baseball
by treessimontrees
Sports
5m
Movies - When Are They Set?
by FPL_Elf
Movies
5m
Popular People in 1961
by mucciniale
History
6m
More to Explore
Quiz From the Vault
Featured Blog Post
Where Did the Easter Bunny Come From?
hide this ad
You Might Also Like...
Tags
Album Quiz
Artist Quiz
folk
Folk Music
Matching
Shooting Gallery
Studio Albums
Today's Top Quizzes in Music
Browse Music
hide this ad
Today's Top Quizzes in Artist
Browse Artist
Top Contributed Quizzes in Music
1
Taylor Swift All Songs (2024)
2
Guess the Artist- 70s Songs
3
KPOP LOGIC QUIZ
4
One Thing in Common: Music
5
2010s Album by Cover III
6
Guess the Taylor Swift song (Mystery Song)
7
Taylor Swift Logic Puzzle
8
2010s Album by Cover IV
9
2010s Album by Cover V
10
Kpop Logic Quiz
Explore More
Trending Topics
Crossword
Disney
NBA
Harry Potter
Kpop
Marvel
Anime
Country
Song
NFL
Puzzle
The Office
Soccer
Pokémon
WWE
hide this ad
More By:
Hullabaloo
Quiz
Plays
Rating
Category
Featured
Created
Find the Countries of Central America
420,614
4.76
Geography
Nov 7, 2015
Premier League Fives
236,326
4.68
Sports
Mar 6, 2015
Click the Correct Animal
146,304
4.83
Science
Nov 6, 2015
Find the Countries of Yugoslavia
145,415
4.70
Geography
Nov 6, 2015
Premier League: Middle of the Road Teams
107,422
4.75
Sports
Aug 28, 2013
Go to Creator's Profile
Score Distribution
Quiz Creator Spotlight
Hullabaloo
Follow
Send a Message
Quizzes Created
-
Created Quiz Play Count
-
More By This Creator
Popular Quizzes Today
1
Find the Countries of Europe - No Outlines Minefield
2
Find the US States - No Outlines Minefield
3
The Countries of the World
4
Popular People in 1961
5
Find the US States
6
US States
7
1-10 Letter E Words III
8
Risky Map Clicking: Biggest States A-Z
More Music Quizzes
Band By Fast Rotating Line-up
Curator's Pick
Trending Quizzes
Risky Map Clicking: Least Populous States A-Z
1-10 Letter F Words
1-10 Letter G Words
Not Quite an Element Typing Challenge
One Thing in Common: United Kingdom
Recently Updated
Leaping Animals
pecheneg
Reality TV Shows (A-Z)
bhenderson79
Rickey Henderson's Hall of Fame Teammates
pecheneg
Champions League XIs: Arsenal
pecheneg
Quick Pick: Celebrities in WWE's Hall of Fame
aduchscher
A-Z Keypad Blitz II
pecheneg
Multiple Oscar Actors
pecheneg
Mystery Phrase Blitz: Oscar 'Best Actors'
pecheneg
F. Scott Fitzgerald Novels
LTH
Pick 3 Villains
ddd62291
Trending Topics
Kpop
Marvel
Harry Potter
Disney
NBA
Anime
Crossword
The Office
Soccer
Song
Country
Puzzle
WWE
Pokémon
NFL
Your Account Isn't Verified!
In order to create a playlist on Sporcle, you need to verify the email address you used during registration. Go to your
Sporcle Settings
to finish the process.
Report this User
Report this user for behavior that violates our
Community Guidelines
.
Details:
Send Report
Go to the Sporcle.com Mobile Site →
Comments